| 000 | 007420000a22001930004500 | ||
|---|---|---|---|
| 020 | _a958-9196-07-I | ||
| 041 | 0 | _aSPA | |
| 082 | 0 | 4 | _aG 158.9 B8389s |
| 100 | 1 | _aBrenson Lazán, Gilbert | |
| 245 | 1 | 0 | _aEl reino de lo nuestro. Nuevos planteamientos y ejercicios sobre una nueva y valiente manera de relacionarse : La intimidad / Gilbert Brenson Lazán |
| 260 | _aBogotá, Colombia : Solar | ||
| 300 | _a166 Pag. | ||
| 505 | 0 | 0 | _ael proceso de la intimidad Amor-amistad-intimidad -- las destrezas de la intimidad -- los contratos de la intimidad -- epilogo: el país de la pugna peluchera |
| 001 | 1030 | ||
| 942 | _cBK | ||
| 999 |
_c32396 _d32396 |
||
| 336 |
_atexto _btxt _2rdacontent |
||
| 337 |
_2rdamedia _asin mediación _bn |
||
| 338 |
_2rdacarrier _avolumen _bnc |
||